Loading...
Literature - British Literature | 0 | 12 | 0 | 0 | 120 | 18 | 91.25 | 1 | 6 |
Philosophy | 0 | 9 | 0 | 0 | 90 | 70 | 104.22 | 1 | 3 |
Literature - World Literature | 0 | 9 | 1 | 2 | 85 | 87 | 110.00 | 0 | 1 |
Literature - American Literature | 0 | 10 | 3 | 0 | 85 | 81 | 105.70 | 0 | 4 |
History - European History | 0 | 6 | 0 | 2 | 60 | 113 | 128.67 | 0 | 0 |
Literature - European Literature | 0 | 7 | 3 | 0 | 55 | 61 | 83.57 | 1 | 3 |
Religion | 0 | 4 | 0 | 0 | 40 | 44 | 84.00 | 0 | 0 |
Mythology | 0 | 4 | 0 | 1 | 40 | 81 | 122.75 | 0 | 0 |
Social Science | 0 | 3 | 0 | 1 | 30 | 109 | 122.33 | 0 | 0 |
History - American History | 0 | 3 | 0 | 2 | 30 | 52 | 109.33 | 0 | 1 |
Painting & Sculpture | 0 | 2 | 0 | 0 | 20 | 85 | 85.00 | 0 | 0 |
Science - Biology | 0 | 2 | 0 | 0 | 20 | 117 | 126.00 | 0 | 0 |
History - World History | 0 | 2 | 1 | 1 | 15 | 117 | 131.00 | 0 | 0 |
Any History | 0 | 2 | 1 | 1 | 15 | 105 | 116.50 | 0 | 0 |
Other Academic | 0 | 1 | 0 | 0 | 10 | 59 | 59.00 | 0 | 1 |
Fine Arts - Classical Music | 0 | 0 | 0 | 0 | 0 | 0.00 | 0 | 0 |